Jimmy Fallon Filmography - Statistics

General Stats
  • This quiz has been taken 42 times
    8 since last reset
  • The average score is 17 of 107
Answer Stats
Type Year Name % Correct
TV Show 2014-Present The Tonight Show Starring Jimmy Fallon
100%
Film 2005 Fever Pitch
83%
TV Show 1998-2004, 2011-2024 Saturday Night Live
83%
Film 2004 Taxi
83%
Film 2015 Jurassic World
50%
TV Show 2009-2014 Late Night with Jimmy Fallon
50%
TV Show 2015 Lip Sync Battle
50%
Web Series 2021 Only Murders in the Building
50%
Film 2022 Spirited
50%
Film 2006 The Magic Roundabout
50%
Award Show 2001 2001 MTV Movie Awards
33%
Award Show 2002 2002 MTV Movie Awards
33%
Award Show 2005 2005 MTV Movie Awards
33%
Award Show 2017 74th Golden Globe Awards
33%
TV Show 2009 Family Guy
33%
TV Show 2012 iCarly
33%
TV Show 2022-2024 Password
33%
Commercial 2023 State Farm
33%
TV Show 2021-Present That's My Jam
33%
TV Show 2009, 2012 30 Rock
17%
Award Show 2010 62nd Primetime Emmy Awards
17%
Theater 2025 All In: Comedy About Love
17%
Film 2000 Almost Famous
17%
Film 2003 Anything Else
17%
Film 2010 Arthur 3: The War of the Two Worlds
17%
Film 2006 Arthur and the Invisibles
17%
Film 2009 Arthur and the Revenge of Maltazard
17%
TV Mini-Series 2001 Band of Brothers
17%
TV Mini-Series 2019 Beto Breaks the Internet
17%
Film 2011 Bucky Larson: Born to Be a Star
17%
Documentary 2019 Dads
17%
TV Show 2010 Delocated
17%
Film 2006 Factory Girl
17%
TV Mini-Series 2022 Fleishman Is in Trouble
17%
Film 2015 Get Hard
17%
Web Series 2021 Girls5eva
17%
TV Show 2009 Gossip Girl
17%
Film 2027 High in the Clouds
17%
Film 2024 Jack in Time for Christmas
17%
Film 2015 Jem and the Holograms
17%
TV Show 2003 Late Show with David Letterman
17%
Video Game 2015 Lego Jurassic World
17%
TV Show 2015 Louie
17%
Film 2022 Marry Me
17%
TV Show 2016 Maya & Marty
17%
TV Show 2025 On Brand with Jimmy Fallon
17%
Film 2016 Popstar: Never Stop Never Stopping
17%
TV Show 2017 Saturday Night Live Weekend Update Thursday
17%
TV Show 2009, 2010 Sesame Street
17%
TV Short 2000 Sex and the Matrix
17%
TV Show 2011 Silent Library
17%
TV Special 2025 SNL50: The Anniversary Special
17%
TV Short 2000 SNL Fanatic
17%
TV Show 1998 Spin City
17%
Podcast 2023 Strike Force Five
17%
TV Film 1999 Tasty Sensations
17%
Film 2015 Ted 2
17%
Web Series 2019 The Boys
17%
Film 2003 The $cheme
17%
TV Show 2009-2010 The Electric Company
17%
TV Show 2015 The Jim Gaffigan Show
17%
TV Film 2004 The Rutles 2: Can't Buy Me Lunch
17%
TV Mini-Series 2015 The Spoils Before Dying
17%
Film 2020 The Stand In
17%
Film 2008 The Year of Getting to Know Us
17%
Film 2009 Whip It
17%
Theater 2002 42nd and Vine: Hollywood Hits Broadway
0%
TV Short 2021 5 More Sleeps 'til Christmas
0%
Web Series 2013, 2014, 2019 Above Average Presents
0%
TV Special 2015 Adele Live in New York City
0%
TV Show 2010 America's Got Talent
0%
Commercial 2014 Apple iPhone 6
0%
Commercial 1994 Armory Garage, Inc.
0%
TV Special 2014 Best of Late Night with Jimmy Fallon Primetime Special
0%
Commercial 2011-2013 Capital One
0%
TV Special 2023 Carol Burnett: 90 Years of Laughter + Love
0%
Web Series 2014, 2016 Comedians in Cars Getting Coffee
0%
TV Film 2022 Dolly Parton's Mountain Magic Christmas
0%
TV Special 2016 Goodnight, Sweet Prince
0%
TV Special 2024 Jimmy Fallon's Holliday Seasoning Spectacular
0%
TV Special 2012 Jimmy Fallon's Primetime Music Special
0%
TV Show 2009 Just for Laughs
0%
TV Special 2024 Kevin Hart: The Kennedy Center Mark Twain Prize for American Humor
0%
Commercial 2021 Lay's
0%
Commercial 2013 Maker's Mark
0%
TV Show 1994 Metroland Loose Camera
0%
Commercial 2020 Michelob ULTRA
0%
Commercial 2006, 2018 Pepsi
0%
Short Film 2016 Race Through New York with Jimmy Fallon
0%
TV Show 2002 Reel Comedy
0%
Film 2011 Sesame Street: Wild Words and Outdoor Adventures
0%
TV Special 2002 SNL Remembers John Belushi
0%
TV Show 2011 The Apprentice
0%
TV Special 2010 The Jimmy Channel
0%
Web Series 2021 The Kids Tonight Show
0%
Commercial 2005 The Los Angeles Mentoring Partnership
0%
Documentary 2023 The Rolling Stones: Rough Diamonds
0%
Documentary Series 2021 The Story of Late Night
0%
TV Special 2024 The Tonight Show Starring Jimmy Fallon 10th Anniversary Special
0%
TV Show 2023 The Voice
0%
TV Show 2011 Top Chef
0%
Commercial 2017 Universal Orlando Resort
0%
Documentary 2020 We Are Freestyle Love Supreme
0%
TV Show 2010, 2018 WWE Raw
0%
TV Show 2000 WWE Sunday Night Heat
0%
Commercial 2014 XFINITY
0%
Short Film 2015 Your Host for Jurassic World... Jimmy Fallon!
0%
No matching quizzes found
Score Distribution
Percent of People with Each Score
Percentile by Number Answered
Your Score History
You have not taken this quiz since the last reset